000 01140nam a2200241Ia 4500
003 Ost
005 20260507075248.0
008 260507s9999||||xx |||||||||||||| ||und||
040 _cfsecg
041 _aara
082 _a330
100 _aالدوري، زكريا
_eمؤلف
245 0 _aمبادئ إدارة العمليات :
_bوظائف و عمليات منظمات الاعمال /
_c زكريا الدوري
260 _aعمان:
_bدار اليازوري,
_c2010
300 _a365 صفحة؛
_bإيضاحات ؛
_c24 سم
504 _aمراجع ص.359
520 _aالتغيير و التطوير التنظيمي، حل المشكلات و اتخاد القرارات إدارة التسويق ، الادارة المالية ، ، ادارة الموارد البشرية ،ادارة العمليات و الخدمات ، مع وجود أسئلة في نهاية كل فصل.
653 _aإتخاذ القرارات- الإدارة
653 _aإدارة الأعمال
653 _aإدارة الأفراد
700 _aالعزاوي، نجم وآخرون
_eمؤلف ثانوي
942 _cكتاب
999 _c43672
_d43672